[Event "Teteven op 31st"]
[Site "Teteven"]
[Date "2016.08.17"]
[Round "5"]
[White "Pashev, Dimitar"]
[Black "Monev, Aleksandar"]
[Result "1/2-1/2"]
[WhiteElo "1991"]
[BlackElo "2167"]
[PlyCount "120"]
[EventDate "2016.08.13"]
[EventType "swiss"]
[EventRounds "9"]
[EventCountry "BUL"]
[SourceTitle "CBM 173 Extra"]
[Source "ChessBase"]
[SourceDate "2016.08.29"]
[SourceVersion "1"]
[SourceVersionDate "2016.08.29"]
[SourceQuality "1"]

1. d4 Nf6 2. c4 g6 3. Nc3 Bg7 4. e4 d6 5. f3 0-0 6. Be3 e5 7. Nge2 Nc6 8. d5 Ne7 9. Qd2 a6 10. Bh6 Qe8 11. h4 c6 12. Ng3 cxd5 13. cxd5 Kh8 14. Bxg7+ Kxg7 15. h5 Neg8 16. hxg6 fxg6 17. Rc1 Bd7 18. Nd1 Rc8 19. Ne3 Rxc1+ 20. Qxc1 Qc8 21. Qxc8 Rxc8 22. Kd2 Kf7 23. Bd3 Ke7 24. b3 h5 25. a4 Nh7 26. a5 Ngf6 27. Ne2 Ng5 28. Nc3 Rh8 29. Ke2 h4 30. Kf2 Nf7 31. Ne2 Nh5 32. Rxh4 Nf4 33. Nxf4 exf4 34. Rxf4 Ne5 35. Be2 g5 36. Rf5 Bxf5 37. Nxf5+ Kd7 38. g3 Rh1 39. f4 gxf4 40. gxf4 Rh2+ 41. Ke3 Ng6 42. Bg4 Kc7 43. Nd4 Rh4 44. Ne6+ Kd7 45. Kf3 Ke7 46. Nd4 Rh1 47. Nf5+ Kf6 48. Nxd6 Rf1+ 49. Ke3 Rxf4 50. Bc8 Rf1 51. Nxb7 Rc1 52. d6 Ne5 53. Bf5 Rc3+ 54. Kd2 Rxb3 55. Nc5 Rb5 56. Nxa6 Nc4+ 57. Kc3 Nxd6 58. Nb4 Nxf5 59. exf5 Rxa5 60. Kc4 Rxf5 1/2-1/2

[Event "BUL-chT2 64th"]
[Site "Sunny Beach"]
[Date "2015.06.06"]
[Round "7.2"]
[White "Pashev, Dimitar"]
[Black "Paunchev, Dimitar"]
[Result "1/2-1/2"]
[WhiteElo "1966"]
[BlackElo "2055"]
[PlyCount "61"]
[EventDate "2015.05.31"]
[EventType "team-swiss"]
[EventRounds "7"]
[EventCountry "BUL"]
[SourceTitle "CBM 166 Extra"]
[Source "ChessBase"]
[SourceDate "2015.06.18"]
[SourceVersion "1"]
[SourceVersionDate "2015.06.18"]
[SourceQuality "1"]
[WhiteTeam "Kazanlak Alehin"]
[BlackTeam "Stara Zagora Trayana"]
[WhiteTeamCountry "BUL"]
[BlackTeamCountry "BUL"]

1. d4 d5 2. c4 e6 3. Nf3 Nf6 4. Nc3 Be7 5. cxd5 exd5 6. Bf4 0-0 7. h3 c6 8. e3 h6 9. Bd3 Re8 10. 0-0 Nbd7 11. Qc2 Nf8 12. a3 a5 13. Rab1 Ne6 14. Bh2 Nc7 15. b4 axb4 16. axb4 Bd6 17. Ne5 Nd7 18. Nxd7 Qxd7 19. Bxd6 Qxd6 20. Bf5 Bxf5 21. Qxf5 Qe6 22. Qxe6 Rxe6 23. b5 Kf8 24. bxc6 bxc6 25. Ra1 Ree8 26. Rfb1 Ke7 27. Kf1 Kd6 28. Ke2 Rxa1 29. Rxa1 Rb8 30. Ra2 Rb3 31. Kd2 1/2-1/2

[Event "BUL-chT2 64th"]
[Site "Sunny Beach"]
[Date "2015.06.03"]
[Round "4.3"]
[White "Tilicheev, Viacheslav"]
[Black "Pashev, Dimitar"]
[Result "1-0"]
[WhiteElo "2408"]
[BlackElo "1966"]
[PlyCount "71"]
[EventDate "2015.05.31"]
[EventType "team-swiss"]
[EventRounds "7"]
[EventCountry "BUL"]
[SourceTitle "CBM 166 Extra"]
[Source "ChessBase"]
[SourceDate "2015.06.18"]
[SourceVersion "1"]
[SourceVersionDate "2015.06.18"]
[SourceQuality "1"]
[WhiteTeam "Burgas 64"]
[BlackTeam "Kazanlak Alehin"]
[WhiteTeamCountry "BUL"]
[BlackTeamCountry "BUL"]

1. e4 e5 2. Nf3 Nc6 3. Nc3 Nf6 4. g3 g6 5. Bg2 Bg7 6. 0-0 0-0 7. d3 d6 8. h3 h6 9. Be3 Kh7 10. d4 Nh5 11. dxe5 Nxe5 12. Nxe5 dxe5 13. Qxd8 Rxd8 14. Nb5 Bd7 15. Nxc7 Rac8 16. Nd5 Rxc2 17. Bxa7 Rxb2 18. Rfb1 Rxb1+ 19. Rxb1 b5 20. a3 Ra8 21. Bc5 Rc8 22. Bd6 Nf6 23. Nb6 Rc6 24. Nxd7 Nxd7 25. Bb4 Nb6 26. Bf1 Nc4 27. Rc1 Ra6 28. Rc3 Nd6 29. a4 Nxe4 30. axb5 Ra2 31. b6 Ra8 32. b7 Rb8 33. Rc7 Ng5 34. Ba6 e4 35. Rc8 Be5 36. Bc5 1-0

[Event "BUL-chT2 64th"]
[Site "Sunny Beach"]
[Date "2015.05.31"]
[Round "1.3"]
[White "Toshev, Vladimir"]
[Black "Pashev, Dimitar"]
[Result "0-1"]
[WhiteElo "1863"]
[BlackElo "1966"]
[PlyCount "78"]
[EventDate "2015.05.31"]
[EventType "team-swiss"]
[EventRounds "7"]
[EventCountry "BUL"]
[SourceTitle "CBM 166 Extra"]
[Source "ChessBase"]
[SourceDate "2015.06.18"]
[SourceVersion "1"]
[SourceVersionDate "2015.06.18"]
[SourceQuality "1"]
[WhiteTeam "Sofia CSKA"]
[BlackTeam "Kazanlak Alehin"]
[WhiteTeamCountry "BUL"]
[BlackTeamCountry "BUL"]

1. e4 c5 2. Nf3 e6 3. d4 cxd4 4. Nxd4 Nf6 5. Bd3 d6 6. Nc3 Be7 7. Be3 a6 8. g4 h6 9. Qe2 Qc7 10. 0-0-0 Nc6 11. h4 Nxd4 12. Bxd4 e5 13. Be3 Bxg4 14. f3 Be6 15. Rdg1 g6 16. f4 exf4 17. Bxf4 Nh5 18. Be3 Bf6 19. Nd5 Bxd5 20. exd5 0-0-0 21. Qg4+ Qd7 22. Qb4 Rde8 23. Qb6 Qc7 24. Qa7 Qb8 25. Qb6 Bd8 26. Qd4 Nf6 27. Bf1 Nd7 28. Bh3 f5 29. Rxg6 Bb6 30. Qc4+ Qc7 31. Qxc7+ Kxc7 32. Bf4 Bc5 33. Bxf5 Ref8 34. Bxd7 Rxf4 35. Rg7 Bd4 36. Re7 Bf6 37. Rf7 Bxb2+ 38. Kxb2 Rxf7 39. Be6 Rf2 0-1

[Event "Sunny Beach op-C 13th"]
[Site "Sunny Beach"]
[Date "2014.09.13"]
[Round "8"]
[White "Dyulgerov, Dimitar"]
[Black "Pashev, Dimitar"]
[Result "1-0"]
[WhiteElo "1958"]
[BlackElo "1965"]
[PlyCount "79"]
[EventDate "2014.09.06"]
[EventType "swiss"]
[EventRounds "9"]
[EventCountry "BUL"]
[SourceTitle "CBM 162 Extra"]
[Source "ChessBase"]
[SourceDate "2014.10.17"]
[SourceVersion "1"]
[SourceVersionDate "2014.10.17"]
[SourceQuality "1"]

1. d4 Nf6 2. c4 g6 3. Nc3 Bg7 4. e4 d6 5. Nge2 0-0 6. g3 Na6 7. Bg2 c5 8. 0-0 cxd4 9. Nxd4 Nc5 10. b3 Bg4 11. f3 Bd7 12. Bb2 a6 13. f4 Rb8 14. Re1 b5 15. cxb5 axb5 16. h3 Nh5 17. Kh2 e5 18. fxe5 Bxe5 19. Nce2 Qg5 20. Nf3 Bxg3+ 21. Kh1 Qe7 22. Nxg3 Nxg3+ 23. Kh2 Nh5 24. e5 d5 25. Qd2 Rfe8 26. Ba3 Ne4 27. Bxe7 Nxd2 28. Bd6 Ne4 29. Bxb8 Rxb8 30. Nd4 Nc3 31. Re3 b4 32. a4 Nf4 33. a5 Ne6 34. Nxe6 Bxe6 35. a6 Ra8 36. Rd3 Nb5 37. Bxd5 Rd8 38. Bc4 Rxd3 39. Bxd3 Na7 40. Ra4 1-0

[Event "Sunny Beach op-C 13th"]
[Site "Sunny Beach"]
[Date "2014.09.09"]
[Round "4"]
[White "Valev, Dimitar"]
[Black "Pashev, Dimitar"]
[Result "0-1"]
[WhiteElo "1759"]
[BlackElo "1965"]
[PlyCount "72"]
[EventDate "2014.09.06"]
[EventType "swiss"]
[EventRounds "9"]
[EventCountry "BUL"]
[SourceTitle "CBM 162 Extra"]
[Source "ChessBase"]
[SourceDate "2014.10.17"]
[SourceVersion "1"]
[SourceVersionDate "2014.10.17"]
[SourceQuality "1"]

1. e4 c5 2. Nf3 d6 3. d4 cxd4 4. Nxd4 Nf6 5. Nc3 a6 6. Bg5 e6 7. f4 h6 8. Bxf6 Qxf6 9. Qd2 g5 10. g3 Nc6 11. 0-0-0 Nxd4 12. Qxd4 Qxd4 13. Rxd4 gxf4 14. gxf4 Rg8 15. Be2 Bd7 16. Rdd1 Be7 17. Bh5 Rc8 18. Rhg1 Rxg1 19. Rxg1 Kf8 20. Rf1 Bf6 21. e5 dxe5 22. fxe5 Bg5+ 23. Kb1 Be8 24. Ne4 Be3 25. c3 Rc7 26. h4 f5 27. Bxe8 Kxe8 28. Nf6+ Kf7 29. Rd1 Bf4 30. Rd7+ Rxd7 31. Nxd7 Be3 32. Kc2 Ke7 33. Kd3 Bf2 34. Nf6 Bxh4 35. Kc4 Bxf6 36. exf6+ Kxf6 0-1

[Event "Sunny Beach op-C 13th"]
[Site "Sunny Beach"]
[Date "2014.09.08"]
[Round "3"]
[White "Pashev, Dimitar"]
[Black "Suleymanli, Aydin Elshan"]
[Result "1/2-1/2"]
[WhiteElo "1965"]
[BlackElo "1710"]
[PlyCount "114"]
[EventDate "2014.09.06"]
[EventType "swiss"]
[EventRounds "9"]
[EventCountry "BUL"]
[SourceTitle "CBM 162 Extra"]
[Source "ChessBase"]
[SourceDate "2014.10.17"]
[SourceVersion "1"]
[SourceVersionDate "2014.10.17"]
[SourceQuality "1"]

1. Nf3 d5 2. g3 c5 3. Bg2 Nc6 4. d4 Nf6 5. 0-0 e6 6. b3 Bd6 7. Bb2 0-0 8. e3 b6 9. Nbd2 Qc7 10. c4 Ba6 11. a3 cxd4 12. exd4 Rfd8 13. Rc1 dxc4 14. bxc4 Rac8 15. Re1 Na5 16. Bf1 Be7 17. Bd3 Bb7 18. Qe2 Nc6 19. h4 h6 20. Ne4 a6 21. d5 exd5 22. Nxf6+ Bxf6 23. Bxf6 gxf6 24. cxd5 Rxd5 25. Qe4 Rxd3 26. Qxd3 Rd8 27. Qf5 Qd6 28. Re3 a5 29. Rce1 Bc8 30. Re8+ Kg7 31. Rxd8 Qxd8 32. Qe4 Qd6 33. Rc1 Bb7 34. Qg4+ Kh7 35. Qf5+ Kg7 36. Qg4+ Kh7 37. Qe4+ Kg8 38. Re1 Qxa3 39. Qg4+ Kf8 40. Qf4 Kg7 41. Qg4+ Kf8 42. Qh5 Kg7 43. Re4 Qa1+ 44. Kh2 Ne5 45. Nxe5 Bxe4 46. Qxf7+ Kh8 47. Qxf6+ Kg8 48. f3 Qb2+ 49. Kh3 Bb1 50. f4 Qf2 51. Qf7+ Kh8 52. Qe8+ Kg7 53. Qd7+ Kg8 54. Qe6+ Kg7 55. Qf7+ Kh8 56. Qf6+ Kh7 57. Qe7+ Kg8 1/2-1/2

[Event "BUL-ch Students"]
[Site "Sofia"]
[Date "2009.11.08"]
[Round "7"]
[White "Pashev, Dimitar"]
[Black "Grancharov, Georgi"]
[Result "1-0"]
[WhiteElo "1957"]
[BlackElo "2265"]
[PlyCount "79"]
[EventDate "2009.11.04"]
[EventType "swiss"]
[EventRounds "7"]
[EventCountry "BUL"]
[SourceTitle "EXT 2010"]
[Source "ChessBase"]
[SourceDate "2010.11.25"]
[SourceVersion "1"]
[SourceVersionDate "2010.11.25"]
[SourceQuality "1"]

1. d4 d5 2. Nf3 Nf6 3. c4 e6 4. Nc3 c6 5. Bg5 Nbd7 6. e3 Be7 7. Bd3 dxc4 8. Bxc4 Nd5 9. Bxe7 Qxe7 10. e4 N5b6 11. Bd3 e5 12. 0-0 exd4 13. Nxd4 Nc5 14. Nf5 Bxf5 15. exf5 0-0-0 16. Qe2 Qd6 17. Bc2 Rhe8 18. Qg4 Qf6 19. Rad1 Rxd1 20. Rxd1 Kc7 21. h3 Re7 22. Qb4 Qe5 23. a4 Na6 24. Qh4 h6 25. a5 Nd7 26. b4 Nf6 27. Qc4 Nb8 28. b5 Rd7 29. Rb1 Qd4 30. Qb3 b6 31. bxc6 Kxc6 32. axb6 axb6 33. Qa3 Kb7 34. Na4 Nd5 35. Nc5+ Kc8 36. Nxd7 Nxd7 37. Qa8+ Kc7 38. Rd1 Qc3 39. Qxd5 Qxc2 40. Qxd7+ 1-0

[Event "BUL-ch Students"]
[Site "Sofia"]
[Date "2009.11.08"]
[Round "6"]
[White "Vlashki, Nino"]
[Black "Pashev, Dimitar"]
[Result "1-0"]
[WhiteElo "2292"]
[BlackElo "1957"]
[PlyCount "91"]
[EventDate "2009.11.04"]
[EventType "swiss"]
[EventRounds "7"]
[EventCountry "BUL"]
[SourceTitle "EXT 2010"]
[Source "ChessBase"]
[SourceDate "2010.11.25"]
[SourceVersion "1"]
[SourceVersionDate "2010.11.25"]
[SourceQuality "1"]

1. c4 c5 2. Nc3 Nc6 3. g3 g6 4. Bg2 Bg7 5. a3 Nf6 6. Rb1 0-0 7. b4 d6 8. d3 h6 9. Bd2 Qc7 10. b5 Nd8 11. e3 Bg4 12. Nge2 Qd7 13. h3 Bxe2 14. Qxe2 e6 15. e4 e5 16. h4 Ne6 17. Bh3 Nd4 18. Bxd7 Nxe2 19. Kxe2 Nxd7 20. h5 g5 21. Nd5 Kh7 22. Ne3 Rfd8 23. Ba5 b6 24. Bc3 Nf8 25. a4 Ne6 26. a5 Nd4+ 27. Bxd4 exd4 28. Nd5 bxa5 29. Ra1 Rd7 30. Rxa5 Rb8 31. Rha1 Rbb7 32. Kf3 Be5 33. Kg4 Kh8 34. Kf5 Kh7 35. Ra6 Kh8 36. Rc6 Rb8 37. Raa6 Rbd8 38. Rc7 Rxc7 39. Nxc7 g4 40. Rxa7 Kh7 41. Ne6 Rb8 42. Rxf7+ Kg8 43. Rf8+ Rxf8+ 44. Nxf8 d5 45. exd5 Bd6 46. Ke6 1-0

[Event "BUL-ch U26"]
[Site "Sofia"]
[Date "2008.11.05"]
[Round "3"]
[White "Pashev, Dimitar"]
[Black "Krastev, Krasimir"]
[Result "1-0"]
[WhiteElo "1940"]
[BlackElo "2034"]
[PlyCount "73"]
[EventDate "2008.11.03"]
[EventType "swiss"]
[EventRounds "7"]
[EventCountry "BUL"]
[SourceTitle "EXT 2009"]
[Source "ChessBase"]
[SourceDate "2008.11.26"]
[SourceVersion "1"]
[SourceVersionDate "2008.11.26"]
[SourceQuality "1"]

1. d4 Nf6 2. c4 e6 3. Nf3 d5 4. Nc3 c6 5. e3 Be7 6. Bd3 dxc4 7. Bxc4 0-0 8. 0-0 b5 9. Bd3 Nbd7 10. a3 Bb7 11. Qe2 a6 12. Rd1 Qc7 13. Bd2 c5 14. dxc5 Nxc5 15. Bc2 Rfd8 16. Rac1 Qb6 17. e4 Rac8 18. Bg5 Ncd7 19. Bb1 e5 20. b4 Bc6 21. Ba2 Qb8 22. Bh4 Nb6 23. Rxd8+ Bxd8 24. Rd1 Be7 25. Bg3 Bd6 26. Qd3 Bc7 27. Ng5 Be8 28. Nd5 Nfxd5 29. exd5 g6 30. Ne4 Bd6 31. Qe3 Kg7 32. Nxd6 f6 33. Nxc8 Qxc8 34. Rc1 Qd8 35. Qc5 Bf7 36. Qc7 Qxc7 37. Rxc7 1-0

[Event "BUL-ch sf 72nd"]
[Site "Plovdiv"]
[Date "2008.02.15"]
[Round "4"]
[White "Badev, Kiril"]
[Black "Pashev, Dimitar"]
[Result "1-0"]
[WhiteElo "2327"]
[BlackElo "2065"]
[PlyCount "117"]
[EventDate "2008.02.13"]
[EventType "swiss"]
[EventRounds "9"]
[EventCountry "BUL"]
[SourceTitle "EXT 2009"]
[Source "ChessBase"]
[SourceDate "2008.11.26"]
[SourceVersion "1"]
[SourceVersionDate "2008.11.26"]
[SourceQuality "1"]

1. e4 e5 2. Nf3 Nc6 3. Bb5 a6 4. Bxc6 dxc6 5. d3 f6 6. a3 Be6 7. Be3 Qd7 8. d4 exd4 9. Nxd4 0-0-0 10. Nc3 f5 11. exf5 Bxf5 12. Qe2 Bd6 13. 0-0-0 Nf6 14. h3 Bg6 15. Nb3 Qe7 16. Qc4 Nd7 17. Kb1 Rhe8 18. Qd4 Nb6 19. Qg4+ Qe6 20. Nd4 Qxg4 21. hxg4 h6 22. Nf5 Bxf5 23. gxf5 Be5 24. Rxd8+ Kxd8 25. Bxb6 cxb6 26. Rd1+ Kc7 27. Re1 Kd7 28. Ne4 Re7 29. f3 Ke8 30. c3 Kf7 31. Kc2 Bc7 32. Rd1 Be5 33. Rd8 g6 34. fxg6+ Kxg6 35. Kd3 Bc7 36. Rc8 Bf4 37. g3 Rd7+ 38. Ke2 Bc1 39. b3 Bxa3 40. g4 Bc1 41. Rf8 Rd5 42. f4 Kg7 43. Rb8 Rd7 44. f5 a5 45. Ng3 Bg5 46. Ne4 Be7 47. Ke3 b5 48. Kf4 a4 49. bxa4 bxa4 50. Ke5 Bf6+ 51. Nxf6 Re7+ 52. Kd6 Kxf6 53. Rh8 Re3 54. Rxh6+ Kf7 55. g5 a3 56. Rh7+ Kg8 57. Rxb7 a2 58. Ra7 Rg3 59. Ke6 1-0

[Event "BUL-ch sf 72nd"]
[Site "Plovdiv"]
[Date "2008.02.14"]
[Round "3"]
[White "Pashev, Dimitar"]
[Black "Velchev, Hristo"]
[Result "1/2-1/2"]
[WhiteElo "2065"]
[BlackElo "2312"]
[PlyCount "53"]
[EventDate "2008.02.13"]
[EventType "swiss"]
[EventRounds "9"]
[EventCountry "BUL"]
[SourceTitle "EXT 2009"]
[Source "ChessBase"]
[SourceDate "2008.11.26"]
[SourceVersion "1"]
[SourceVersionDate "2008.11.26"]
[SourceQuality "1"]

1. d4 d5 2. Nf3 Nf6 3. Bg5 Ne4 4. Bf4 c5 5. e3 Nc6 6. c3 e6 7. Nbd2 Nxd2 8. Qxd2 Bd6 9. Bxd6 Qxd6 10. Be2 0-0 11. 0-0 b6 12. Rac1 c4 13. Qc2 b5 14. e4 Rb8 15. Ng5 g6 16. e5 Qe7 17. f4 Rb7 18. Rce1 h6 19. Nh3 f5 20. exf6 Qxf6 21. Bg4 Ne7 22. Rf2 Nf5 23. Bxf5 Qxf5 24. Qxf5 Rxf5 25. a3 a5 26. g4 Rf8 27. Kg2 1/2-1/2

[Event "BUL-ch sf 72nd"]
[Site "Plovdiv"]
[Date "2008.02.13"]
[Round "1"]
[White "Galunov, Todor"]
[Black "Pashev, Dimitar"]
[Result "1-0"]
[WhiteElo "2338"]
[BlackElo "2065"]
[PlyCount "38"]
[EventDate "2008.02.13"]
[EventType "swiss"]
[EventRounds "9"]
[EventCountry "BUL"]
[SourceTitle "EXT 2009"]
[Source "ChessBase"]
[SourceDate "2008.11.26"]
[SourceVersion "1"]
[SourceVersionDate "2008.11.26"]
[SourceQuality "1"]

1. Nf3 c5 2. c4 Nc6 3. Nc3 e6 4. g3 g6 5. d4 cxd4 6. Nxd4 a6 7. Bg2 Qc7 8. 0-0 Bg7 9. Nxc6 bxc6 10. Ne4 d5 11. cxd5 cxd5 12. Bf4 Be5 13. Rc1 Qb8 14. Rxc8+ Qxc8 15. Bxe5 dxe4 16. Bxh8 f6 17. Bxe4 Ra7 18. Qa4+ Kf7 19. Rd1 Ne7 1-0

[Event "Sofia op 1st"]
[Site "Sofia"]
[Date "2006.05.11"]
[Round "1"]
[White "Pashev, Dimitar"]
[Black "Grigorov, Grigor"]
[Result "0-1"]
[WhiteElo "1922"]
[BlackElo "2407"]
[PlyCount "64"]
[EventDate "2006.05.11"]
[EventType "swiss"]
[EventRounds "9"]
[EventCountry "BUL"]
[SourceTitle "CBM 112 Extra"]
[Source "ChessBase"]
[SourceDate "2006.07.14"]
[SourceVersion "1"]
[SourceVersionDate "2006.07.14"]
[SourceQuality "1"]

1. e4 c5 2. Nf3 d6 3. d4 cxd4 4. Nxd4 Nf6 5. Nc3 a6 6. Be2 e6 7. Be3 Qc7 8. a4 Nc6 9. 0-0 Be7 10. Kh1 0-0 11. f4 Re8 12. a5 Nxa5 13. e5 dxe5 14. fxe5 Nd7 15. Bd3 Nxe5 16. Bf4 g6 17. Qe2 f6 18. Ne4 Nac6 19. Nxc6 bxc6 20. Bg3 f5 21. Nd2 Bd6 22. Bxa6 Bxa6 23. Rxa6 Rxa6 24. Qxa6 Ng4 25. Bxd6 Qxd6 26. Nf3 e5 27. h3 Nf6 28. Qa2+ Kg7 29. Ng5 Re7 30. Qa1 e4 31. Rd1 Qe5 32. Rd8 h6 0-1